| 000 | 00519nam a22001697a 4500 | ||
|---|---|---|---|
| 999 |
_c9019 _d9019 |
||
| 008 | 210319b ||||| |||| 00| 0 eng d | ||
| 040 | _aBMS College of Architecture | ||
| 100 | _aS, N, Shrunga | ||
| 245 | _aAnination, animation and vfx hub | ||
| 300 | _a75p. | ||
| 500 | _a1BM09AT049 | ||
| 502 |
_8B.Arch _NBMS College of Architecture, Visvesvaraya Technological University _aProject report _d2013 |
||
| 650 | _aAnimation | ||
| 700 |
_aAjaichandran C K _eGuide |
||
| 700 |
_aBhagyalaxmi M _eGuide |
||
| 942 |
_2ddc _cTHE |
||